000 01256nam a2200205Ia 4500
001 a1695-42980
003 IT-MiCISF
008 161014s9999||||xx |||||||||||||| ||und||
040 _aIT-MiCISF
_cIT-MiCISF
041 _ait
100 _aTasca Stefano
245 0 _aAllattamento, svezzamento e nutrizione del bambino
_bDalla nascita a due anni: le solide ragioni di un'alimentazione naturale e sana
250 _a1a ed.
260 _a Foggia
_bEditrice Mammeonline
_c2006
300 _app. 164
500 _a / infanzia, crescita-bambini, alimentazione / E' ancora oggi possibile svezzare e nutrire i bambini in modo naturale, usando prodotti freschi, seguendo da vicino la fisiologia della crescita e rispettando i peculiari fabbisogni di ogni singolo? L'A. risponde decisamente di sì a tali domande, esponendo sia la ratio scientifica del suo protocollo alimentare, sia il suo schema di svezzamento, messo a punto in anni di studio e osservazione sul campo. Questo libro nasce grazie alla cortese insistenza di moltissime mamme che hanno sollecitato la divulgazione della metodica avendone constatato direttamente o indirettamente gli effetti positivi.
650 _a Infanzia / età-evolutiva
_e008
942 _cBK
957 _71
999 _a42980
_bsi
_g1
_c217512
_d217512